| 000 | 00495nmm a2200169Ia 4500 | ||
|---|---|---|---|
| 008 | 251105s9999||||xx |||||||||||||||||und|| | ||
| 020 | _a8497425057 | ||
| 041 | _aspa | ||
| 100 | _aPérez, Albert (ed.) | ||
| 245 | 0 | _aNación, nacionalidades y pueblos en el derecho español | |
| 264 |
_a[Madrid, España] : _bBiblioteca Nueva, _c2005 |
||
| 300 | _a129 páginas | ||
| 490 | _aDerecho: Monografías | ||
| 650 | _aLaw | ||
| 856 | _uhttps://public.digitaliapublishing.com/a/5286 | ||
| 942 | _cCF | ||
| 999 |
_c74210 _d74210 |
||